| 000 | 01215nam a2200217Ia 4500 | ||
|---|---|---|---|
| 001 | 15778 | ||
| 003 | GE_BSU | ||
| 008 | 181216s||||||||xx |||||||||||||| ||und|| | ||
| 040 | _cGE_BSU | ||
| 100 | _aჭავჭავაძე, ი. (ილია, 1837-1907) | ||
| 245 | _aნაწერების სრული კრებული : 9 ტომად.ტ. 7. საქართველოს მატიანე | ||
| 245 | _bსაქართველოს მატიანე.ქართული წიგნი | ||
| 245 | _cშედარებული პირველ წყაროებთან და შევს. ახალი ტექსტებით პავლე ინგოროყვას და ალ. აბაშელის რედაქციით. | ||
| 260 | _aტფილისი | ||
| 260 | _c1928 | ||
| 300 | _a350 გვ.19 სმ | ||
| 653 | _aნაწერების სრული კრებული | ||
| 653 | _aსაქართველოს ისტორია; საქართველოს ისტორიოგრაფია; | ||
| 653 | _aსაქართველოს მატიანე | ||
| 942 | _cBK | ||
| 999 |
_c48876 _d48876 |
||